Vybrané kapitoly z německé morfologie pro cestovní ruch
Gespeichert in:
| 1. Verfasser: | |
|---|---|
| Format: | Buch |
| Sprache: | Tschechisch |
| Veröffentlicht: |
Červený Kostelec
Pavel Mervart
2020
|
| Schlagworte: | |
| Tags: |
Keine Tags, Fügen Sie das erste Tag hinzu!
|
MARC
| LEADER | 00000nam a2200000 4500 | ||
|---|---|---|---|
| 001 | 0300056 | ||
| 005 | 20240523142510.3 | ||
| 020 | |a 978-80-7465-462-6 | ||
| 041 | 0 | |a cze | |
| 044 | |a CZ | ||
| 245 | 1 | 0 | |a Vybrané kapitoly z německé morfologie pro cestovní ruch |c Jana Ondráková |
| 264 | 1 | |a Červený Kostelec |b Pavel Mervart |c 2020 | |
| 300 | |a 144 s. | ||
| 610 | 2 | 0 | |a jazykoveda |
| 610 | 2 | 0 | |a morfológia |
| 610 | 2 | 0 | |a zásoba slovná |
| 610 | 2 | 0 | |a terminológia |
| 610 | 2 | 0 | |a gramatika |
| 610 | 2 | 0 | |a nemčina |
| 610 | 2 | 0 | |a ruch cestovný |
| 100 | 1 | |a Ondráková, Jana | |